| 000 | 00759nam a2200241 u 4500 | ||
|---|---|---|---|
| 005 | 20240228064320.0 | ||
| 008 | 171110s2006 es r 000 0 spa d | ||
| 020 | _a849657380X | ||
| 035 | _aUPN01000221568 | ||
| 049 | _aI | ||
| 050 | 4 |
_aNC655 _bJ8.3 |
|
| 100 | 1 |
_aJunakovic, Svjetlan _938676 |
|
| 245 | 1 | 0 |
_aGran libro de los retratos de animales / _ctexto e il. de Svjetlan Junakovic ; tr. Antón Fortes. |
| 260 |
_aMadrid : _bOQO, _c2006. |
||
| 300 |
_a[40] p. : _bil. col. |
||
| 440 | 0 | _aArte | |
| 534 |
_pTitulo original: _tGreat book of animal portraits |
||
| 650 | 4 |
_aANIMALES - _xPINTURA E ILUSTRACION _91063 |
|
| 650 | 4 |
_aANIMALES EN EL ARTE _94741 |
|
| 650 | 4 |
_aLibros y lectura para niños _92290 |
|
| 905 | _aInfantil | ||
| 999 |
_c193665 _d193665 |
||